70 años de la televisión en Colombia : (Registro nro. 60616)

Detalles MARC
000 -CABECERA
Longitud fija campo de control 01778nam a22003737c 4500
003 - • IDENTIFICADOR DELl NÚMERO DE CONTROL
Identificador del número de control CO-BoRNBP
005 - • FECHA Y HORA DE LA ÚLTIMA TRANSACCIÓN
Fecha y hora de la última transacción 20260225160404.0
007 - • CAMPO FIJO DE DESCRIPCIÓN FÍSICA
Campo fijo de descripción física ta
008 - • CÓDIGOS DE INFORMACIÓN DE LONGITUD FIJA
Códigos de información de longitud fija 241108s2024 ck ao||gr|||| 001 0dspa d
020 ## - • NÚMERO INTERNACIONAL NORMALIZADO PARA LIBROS
Número Internacional Normalizado para Libros (ISBN) 9786289647013
040 ## - FUENTE DE LA CATALOGACIÓN
Centro catalogador de origen CO-BoRNBP
Lengua de catalogación spa
Normas de descripción rda
Centro transcriptor CO-BoRNBP
041 0# - • CÓDIGO DE LENGUA
Código de lengua del texto/banda sonora o título independiente spa
043 ## - CÓDIGO DE ÁREA GEOGRÁFICA
Código de área geográfica s-ck---
082 04 - • NÚMERO DE LA CLASIFICACIÓN DECIMAL DEWEY
Número de edición 23
Número de clasificación (R) 384.55
Número del ítem C17s
100 10 - • PUNTO DE ACCESO PRINCIPAL-NOMBRE DE PERSONA
Nombre de persona Castro Caycedo, Gustavo,
Término indicativo de función aut
245 10 - • TITULO PROPIAMENTE DICHO
Título 70 años de la televisión en Colombia :
Resto del título 1954-2024 /
Mención de responsabilidad, etc. Gustavo Castro Caycedo... [y otros catorce] ; paratextos Morris Rincón, Hollman Felipe.
246 33 - • VARIANTES DE TÍTULO
Título propio / Título en breve Setenta años de la televisión en Colombia
250 ## - • MENCIÓN DE EDICIÓN
Mención de edición Primera edición
264 #1 - PRODUCCIÓN, PUBLICACIÓN , DISTRIBUCIÓN, FABRICACIÓN Y COPYRIGHT
Lugar de producción, publicación, distribución, fabricación Bogotá, Colombia :
Nombre del productor, editor, distribuidor, fabricante RTVC - Sistema de Medios Públicos,
Fecha de de producción, publicación, distribución, fabricación o copyright 2024
300 ## - • DESCRIPCIÓN FÍSICA
Extensión 271 páginas :
Otras características físicas ilustraciones, fotografías en color y en blanco y negro,
336 ## - TIPO DE CONTENIDO
Fuente rdacontent
Término de tipo de contenido texto
Código de tipo de contenido txt
337 ## - TIPO DE MEDIO
Fuente rdamedia
Nombre del tipo de medio sin mediación
Código del tipo de medio n
338 ## - TIPO DE SOPORTE
Fuente rdacarrier
Nombre del tipo de soporte volumen
Código del tipo de soporte nc
500 ## - • NOTA GENERAL
Nota general Incluye datos biográficos del autor
504 ## - • NOTA DE BIBLIOGRAFÍA, ETC
Nota de bibliografía, etc. Incluye referencias bibliográficas e índice de imágenes
505 1# - • NOTA DE CONTENIDO CON FORMATO
Título (R ) Cuando llegó la televisión
-- La televisión: a imagen y semejanza de un país
-- Colombia en la era de la televisión digital
-- Memoria histórica y percepción pública sobre el pasado
-- La televisión regional en Colombia
-- La privatización de la televisión en Colombia
-- Historia del rating en Colombia
-- La historia de las historias de la televisión colombiana
521 ## - • NOTA DE PÚBLICO DESTINATARIO
Nota público destinatario (R ) Recomendado para un público adulto
650 17 - • PUNTO DE ACCESO ADICIONAL DE MATERIA - TÉRMINO DE MATERIA
Término de materia o nombre geográfico como elemento inicial Medios de Comunicacion de Masas
Subdivisión geográfica Colombia
Fuente del encabezamiento o término lemb
650 17 - • PUNTO DE ACCESO ADICIONAL DE MATERIA - TÉRMINO DE MATERIA
Término de materia o nombre geográfico como elemento inicial Programas de televisión
Subdivisión geográfica Colombia
Fuente del encabezamiento o término lemb
650 17 - • PUNTO DE ACCESO ADICIONAL DE MATERIA - TÉRMINO DE MATERIA
Término de materia o nombre geográfico como elemento inicial Televisión
Subdivisión de materia general Historia
Subdivisión geográfica Colombia
Fuente del encabezamiento o término lemb
700 10 - • PUNTO DE ACCESO ADICIONAL - NOMBRE DE PERSONA
Nombre de persona Morris Rincón, Hollman Felipe
942 ## - ENTRADA DE ELEMENTOS AGREGADOS (KOHA)
Fuente de clasificaión o esquema
Koha [por defecto] tipo de item LIbro
Suppress in OPAC 0
Existencias
Perdido Fuente de clasificación o esquema Estado Físico No para préstamo Forma de adquisición Localización permanente Localización actual Localización en estanterías Fecha adquisición Préstamos totales Signatura completa Código de barras Fecha última consulta Número de copia Fecha del precio de reemplazo Tipo de item de Koha
  Dewey Decimal Classification     Colección General Biblioteca Pública Dorado Biblioteca Pública Dorado General 02/25/2026   384.55 C17s DOR03447 02/25/2026 Ej.1 02/25/2026 LIbro









Instituto Departamental de Cultura del Meta - Red Departamental de Bibliotecas Públicas del Meta.